00325nam a2200109Ia 4500008004100000082002000041100001600061245003900077260002900116630001800145650005200163211109s9999||||xx |||||||||||||| ||und|| a894.812 bMUK-O aMukundan, M 0aOru Dalith Yuvathiude Kadana Katha bDC BooksaKottayamc1998 xGeneral stack aMALAYALAM LITERATUREvMALAYALAM POETRYMalayalam